000
00331nam a22001457a 4500
008
221109b ||||| |||| 00| 0 eng d
020
_a
9780321927040
041
_a
eng
080
_2
TENTH EDITION
_a
611
082
_a
611 MAR
100
_a
10
101
_a
ANA
245
_a
HUMAN ANATOMY&PHYSIOLOGY
_c
MARIEB E
942
_2
udc
_c
BK
999
_c
58816
_d
58816